Journal of banking, information technology and management (Record no. 22999)

MARC details
000 -LEADER
fixed length control field 00601nam a22001577a 4500
005 - DATE AND TIME OF LATEST TRANSACTION
control field 20090204124727.0
008 - FIXED-LENGTH DATA ELEMENTS--GENERAL INFORMATION
fixed length control field 090204t xxu||||| |||| 00| 0 eng d
022 ## - INTERNATIONAL STANDARD SERIAL NUMBER
International Standard Serial Number 0972-902X
245 ## - TITLE STATEMENT
Title Journal of banking, information technology and management
260 ## - PUBLICATION, DISTRIBUTION, ETC. (IMPRINT)
Place of publication, distribution, etc Jaipur
Name of publisher, distributor, etc The Research Development Research Foundation
Date of publication, distribution, etc 2008-
300 ## - PHYSICAL DESCRIPTION
Extent v.
Dimensions 24 cm
310 ## - CURRENT PUBLICATION FREQUENCY
Current publication frequency Half-yearly
270 ## - ADDRESS
Address 4 Ma 22, Jawahar Nagar
City Jaipur
Postal code 302004
Telephone number 0141-2652107
Fax number 0141-2650498
Electronic mail address drjain2001@rediffmail.com
942 ## - ADDED ENTRY ELEMENTS (KOHA)
Source of classification or shelving scheme Dewey Decimal Classification
Item type Periodicals
Serial record 1
Holdings
Withdrawn status Lost status Source of classification or shelving scheme Damaged status Not for loan Collection code Home library Current library Date acquired Total Checkouts Date last seen Price effective from Koha item type
    Dewey Decimal Classification   Not For Loan Non-fiction D.B.Act.Division D.B.Act.Division 04/02/2009   04/02/2009 04/02/2009 Periodicals

© Delhi Public Library
Hit Counter
free hit counter